000 00434nam a2200181Ia 4500
005 20230721102813.0
008 131103s9999 xx 000 0 und d
040 _aLoreto College
041 _aEnglish
082 _aF
_bCEC
100 _aCecil,Henry
245 _aAlibi for a judge
_cHenry Cecil
260 _aNew Delhi
_bRupa & Co.
_c1960
300 _a220 p.
650 _aFiction in English
850 _aLCLIB
942 _cBK
999 _c16464
_d66943